000 00295nam a22001337a 4500
008 171018b xxu||||| |||| 00| 0 eng d
020 _a9781578511860
041 _aeng
080 _a338
100 _a53
101 _aMEN
245 _aMANGING IN THE ECONOMY
_cMAGRETTA.J
942 _2udc
_cBK
999 _c34648
_d34648